The coming millennial kingdom : (Record no. 10474)
[ view plain ]
| 000 -LEADER | |
|---|---|
| fixed length control field | 01134pam a2200301 a 4500 |
| 001 - CONTROL NUMBER | |
| control field | 709638 |
| 003 - CONTROL NUMBER IDENTIFIER | |
| control field | OSt |
| 005 - DATE AND TIME OF LATEST TRANSACTION | |
| control field | 20210224151627.0 |
| 008 - FIXED-LENGTH DATA ELEMENTS--GENERAL INFORMATION | |
| fixed length control field | 970725s1997 miu b 001 0 eng |
| 010 ## - LIBRARY OF CONGRESS CONTROL NUMBER | |
| LC control number | 97030808 |
| 020 ## - INTERNATIONAL STANDARD BOOK NUMBER | |
| International Standard Book Number | 082542352X |
| 035 ## - SYSTEM CONTROL NUMBER | |
| System control number | (DLC) 97030808 |
| 040 ## - CATALOGING SOURCE | |
| Original cataloging agency | DLC |
| Transcribing agency | DLC |
| Modifying agency | DLC |
| 050 00 - LIBRARY OF CONGRESS CALL NUMBER | |
| Classification number | BT891 |
| Item number | C187C |
| 082 00 - DEWEY DECIMAL CLASSIFICATION NUMBER | |
| Classification number | 236/.9 |
| Edition number | 21 |
| Item number | C187C |
| 130 0# - MAIN ENTRY--UNIFORM TITLE | |
| Uniform title | Case for premillennialism. |
| 245 04 - TITLE STATEMENT | |
| Title | The coming millennial kingdom : |
| Remainder of title | a case for premillennial interpretation / |
| Statement of responsibility, etc. | Donald K. Campbell & Jeffrey L. Townsend [general editors]. |
| 260 ## - PUBLICATION, DISTRIBUTION, ETC. | |
| Place of publication, distribution, etc. | Grand Rapids, MI : |
| Name of publisher, distributor, etc. | Kregel Publications, |
| Date of publication, distribution, etc. | c1997. |
| 300 ## - PHYSICAL DESCRIPTION | |
| Extent | 290 p. ; |
| Dimensions | 22 cm. |
| 500 ## - GENERAL NOTE | |
| General note | Originally published under title: A case for premillennialism. Chicago : Moody Press, c1992. |
| 504 ## - BIBLIOGRAPHY, ETC. NOTE | |
| Bibliography, etc. note | Includes bibliographical references and index. |
| 650 #0 - SUBJECT ADDED ENTRY--TOPICAL TERM | |
| Topical term or geographic name entry element | Millennialism. |
| 700 1# - ADDED ENTRY--PERSONAL NAME | |
| Personal name | Campbell, Donald K. |
| 700 1# - ADDED ENTRY--PERSONAL NAME | |
| Personal name | Townsend, Jeffrey L. |
| 906 ## - LOCAL DATA ELEMENT F, LDF (RLIN) | |
| a | 7 |
| b | cbc |
| c | orignew |
| d | 1 |
| e | ocip |
| f | 19 |
| g | y-gencatlg |
| 942 ## - ADDED ENTRY ELEMENTS (KOHA) | |
| Source of classification or shelving scheme | Dewey Decimal Classification |
| Koha item type | Books |
| Withdrawn status | Lost status | Source of classification or shelving scheme | Damaged status | Not for loan | Collection code | Home library | Current library | Shelving location | Date acquired | Total Checkouts | Full call number | Barcode | Date last seen | Price effective from | Koha item type |
|---|---|---|---|---|---|---|---|---|---|---|---|---|---|---|---|
| Dewey Decimal Classification | Non-fiction | Harvest Mission College | Harvest Mission College | General Stacks | 01.03.2021 | 236.9 C187C | 012113 | 01.03.2021 | 01.03.2021 | Books |
